Web technologies: (Record no. 11456)
[ view plain ]
| 000 -LEADER | |
|---|---|
| fixed length control field | 00794nam a2200277 a 4500 |
| 001 - CONTROL NUMBER | |
| JCCL Control Number | 11456 |
| 003 - CONTROL NUMBER IDENTIFIER | |
| JCCL marc code | BD-JhCC |
| 005 - DATE AND TIME OF LATEST TRANSACTION | |
| control field | 20220614134022.0 |
| 008 - FIXED-LENGTH DATA ELEMENTS--GENERAL INFORMATION | |
| fixed length control field | 190623s20022008i a|||| |||| 001 0 eng d |
| 020 ## - INTERNATIONAL STANDARD BOOK NUMBER | |
| International Standard Book Number | 9781259062681 |
| 020 ## - INTERNATIONAL STANDARD BOOK NUMBER | |
| International Standard Book Number | 1259062686 |
| 035 ## - SYSTEM CONTROL NUMBER | |
| system control number | (BD-JhCC)11456 |
| 040 ## - CATALOGING SOURCE | |
| Original cataloging agency | BD-JhCC |
| Modifying agency | BD-JhCC |
| 041 ## - LANGUAGE CODE | |
| Language code of Book | eng |
| 082 ## - DEWEY DECIMAL CLASSIFICATION NUMBER | |
| Classification number | 004.65 |
| Author mark and Year | GOD 2008 |
| 100 ## - MAIN ENTRY--PERSONAL NAME | |
| Personal name | Godbole, Achyut |
| 245 ## - TITLE STATEMENT | |
| Title | Web technologies: |
| Remainder of title | TCP/IP, Web/Jaba programming, and Cloud Computing / |
| Statement of responsibility, etc | Achyut Godbole and Atul Kahate |
| 250 ## - EDITION STATEMENT | |
| Edition statement | 3rd ed. |
| 260 ## - PUBLICATION, DISTRIBUTION, ETC. (IMPRINT) | |
| Place of publication, distribution, etc | New Delhi : |
| Name of publisher, distributor, etc | Mc GrawHill, |
| Date of publication, distribution, etc | 2008. |
| 300 ## - PHYSICAL DESCRIPTION | |
| Pagination | xvi, 593 p. : |
| Other physical details | ill.; |
| Dimensions | 23 cm. |
| 504 ## - BIBLIOGRAPHY, ETC. NOTE | |
| Bibliography, etc | Includes index. |
| 650 ## - SUBJECT ADDED ENTRY--TOPICAL TERM | |
| Topical term or geographic name as entry element | TCP/IP (Computer network protocol) |
| 650 ## - SUBJECT ADDED ENTRY--TOPICAL TERM | |
| Topical term or geographic name as entry element | Computer networks |
| 700 ## - ADDED ENTRY--PERSONAL NAME | |
| Personal name | Kahate, Atul |
| 942 ## - ADDED ENTRY ELEMENTS (KOHA) | |
| Source of classification or shelving scheme | Dewey Decimal Classification |
| Koha item type | Books |
| Koha issues (borrowed), all copies | 1 |
| Source of classification or shelving scheme | Damaged status | Not for loan | Home library | Current library | Shelving location | Date of accession | Cost, normal purchase price | Total Checkouts | Full call number | Barcode | Date last seen | Date checked out | Copy number | Koha item type |
|---|---|---|---|---|---|---|---|---|---|---|---|---|---|---|
| Dewey Decimal Classification | JCC Rouf Library | JCC Rouf Library | General Stacks | 06/01/2019 | 1053.00 | 2 | 004.65 GOD 2008 | 15037 | 02/13/2024 | 02/05/2024 | C-1 | Books |